[Event "Sparkassen-Open A"]
[Site "Heusenstamm, Martinsee"]
[Date "2017.11.23"]
[Round "1.106"]
[White "Bastian, Ben"]
[Black "Diehm, Alexander"]
[Result "1-0"]
[WhiteElo "1675"]
[BlackElo "2039"]
[PlyCount "73"]
[EventDate "2017.??.??"]
[WhiteTeam "SC Herborn"]
[BlackTeam "SC FK Babenhausen"]

1. e4 c5 2. Nf3 Nc6 3. d4 cxd4 4. Nxd4 e5 5. Nf5 d5 6. Ng3 Bb4+ 7. c3 Bc5 8.
exd5 Nf6 9. Bc4 O-O 10. dxc6 Qxd1+ 11. Kxd1 Bxf2 12. c7 Bb6 13. Bg5 Ng4 14. Kc2
Bxc7 15. h3 Nf2 16. Rf1 e4 17. Rxf2 Bxg3 18. Rf1 Be6 19. Bxe6 fxe6 20. Nd2 h6
21. Be3 Rf5 22. Nxe4 Bc7 23. g4 Re5 24. Bf4 Rxe4 25. Bxc7 Re2+ 26. Kb3 Rc8 27.
Ba5 b6 28. Bb4 a5 29. Be7 a4+ 30. Ka3 Rc7 31. Bb4 Rc6 32. Rae1 Rh2 33. Re3 b5
34. Rd1 g5 35. Rd6 Rxd6 36. Bxd6 Kf7 37. Bxh2 1-0

[Event "Sparkassen-Open A"]
[Site "Heusenstamm, Martinsee"]
[Date "2017.11.23"]
[Round "1.107"]
[White "Pfeffer, Marko"]
[Black "Felten, Maximilian"]
[Result "0-1"]
[WhiteElo "2039"]
[BlackElo "1675"]
[PlyCount "112"]
[EventDate "2017.??.??"]
[WhiteTeam "SC Bergen-Enkheim"]
[BlackTeam "SG Trier"]

1. e4 e6 2. b3 d5 3. Bb2 dxe4 4. Nc3 Nf6 5. Qe2 Bb4 6. O-O-O Bxc3 7. dxc3 Qe7
8. g4 Bd7 9. Bg2 Nc6 10. c4 e5 11. g5 Ng8 12. h4 f6 13. Bxe4 O-O-O 14. Nf3 Qe8
15. Rhe1 Nge7 16. Kb1 Qf7 17. Qe3 Bg4 18. Rd3 Bf5 19. Red1 Rxd3 20. Qxd3 Bxe4
21. Qxe4 f5 22. Qe3 e4 23. Nd4 Rd8 24. Re1 Nxd4 25. Bxd4 a6 26. Qc3 g6 27. Bf6
Re8 28. Kb2 Ng8 29. Be5 Qe7 30. Bf4 Qc5 31. Re3 Rd8 32. Be5 Re8 33. Bd4 Qf8 34.
b4 Ne7 35. b5 axb5 36. Bc5 bxc4 37. Qxc4 Qg8 38. Qxg8 Nxg8 39. f3 Kd7 40. fxe4
Rxe4 41. Rxe4 fxe4 42. Kc3 b6 43. Bf2 Ke6 44. Kd4 Kf5 45. Bg3 c6 46. a4 Ne7 47.
c4 c5+ 48. Ke3 Kg4 49. Be1 Kf5 50. a5 bxa5 51. Bxa5 Nc6 52. Bb6 Ne5 53. Bxc5
Nxc4+ 54. Kd4 Ne5 55. Kc3 Nf3 56. Bf2 Kf4 0-1

[Event "Sparkassen-Open A"]
[Site "Heusenstamm, Martinsee"]
[Date "2017.11.23"]
[Round "1.108"]
[White "Ebeling, Leander"]
[Black "Hentzgen, Thomas"]
[Result "0-1"]
[WhiteElo "1665"]
[BlackElo "2037"]
[PlyCount "90"]
[EventDate "2017.??.??"]
[WhiteTeam "SK Mainaschaff"]
[BlackTeam "USV Halle"]

1. c4 g6 2. Nf3 Bg7 3. Nc3 d6 4. g3 e5 5. d4 Nc6 6. d5 Nce7 7. e4 Nf6 8. Bg2
O-O 9. O-O Nd7 10. Nh4 a5 11. f4 exf4 12. Bxf4 Ne5 13. Qe2 a4 14. Nf3 Bg4 15.
Bxe5 Bxe5 16. h3 Bxf3 17. Rxf3 a3 18. Rb1 f5 19. bxa3 Rxa3 20. Nb5 Rxf3 21.
Qxf3 c6 22. dxc6 bxc6 23. Na3 Qa5 24. Qd3 Qc5+ 25. Kh1 fxe4 26. Bxe4 Qf2 27.
Rg1 Nf5 28. Bxf5 Rxf5 29. Rg2 Qe1+ 30. Rg1 Qf2 31. Rg2 Qf3 32. Qxf3 Rxf3 33.
Nc2 Rc3 34. Kh2 Rxc4 35. Ne3 Rc1 36. Ng4 Bd4 37. Rd2 c5 38. Kg2 Kf7 39. Kf3 Ke6
40. Ke2 Rg1 41. Kf3 h5 42. Nf2 Rf1 43. Kg2 Rxf2+ 44. Rxf2 Bxf2 45. Kxf2 Kd5 0-1

[Event "Sparkassen-Open A"]
[Site "Heusenstamm, Martinsee"]
[Date "2017.11.23"]
[Round "1.109"]
[White "Kuhn, Gerhard"]
[Black "Bakiev, Diyor"]
[Result "1-0"]
[WhiteElo "2035"]
[BlackElo "1664"]
[PlyCount "51"]
[EventDate "2017.??.??"]
[WhiteTeam "SK Marburg"]
[BlackTeam "SV Ffm-Griesheim"]

1. e4 e5 2. Nf3 Nc6 3. Bc4 Bc5 4. c3 Nf6 5. d3 h6 6. Nbd2 O-O 7. O-O d6 8. Re1
Be6 9. Bb3 Qd7 10. Nf1 Bb6 11. Bc2 Rad8 12. Ne3 Rfe8 13. Nh4 d5 14. Qf3 Bxe3
15. Qxe3 d4 16. Qe2 Bg4 17. f3 Be6 18. g4 g5 19. Nf5 Bxf5 20. gxf5 Kh7 21. h4
Rg8 22. hxg5 Ne8 23. Qh2 Qd6 24. g6+ Kg7 25. Qxh6+ Kf6 26. Bg5# 1-0

[Event "Sparkassen-Open A"]
[Site "Heusenstamm, Martinsee"]
[Date "2017.11.23"]
[Round "1.110"]
[White "Seepe, Uwe"]
[Black "Mährlein, Christoph"]
[Result "0-1"]
[WhiteElo "1662"]
[BlackElo "2035"]
[PlyCount "82"]
[EventDate "2017.??.??"]
[WhiteTeam "SV Königsspringer Lemgo"]
[BlackTeam "SC Pforzheim"]

1. d4 d5 2. Nf3 e6 3. e3 c6 4. Bd3 f5 5. b3 Nf6 6. O-O b6 7. c4 Bd6 8. Ba3 Bxa3
9. Nxa3 Qe7 10. Nc2 O-O 11. Ne5 Bb7 12. Ne1 Nbd7 13. Nxd7 Nxd7 14. cxd5 cxd5
15. Bb5 Nf6 16. Bd3 Rac8 17. Nf3 Qa3 18. Qd2 Ba6 19. Bxa6 Qxa6 20. Rfc1 Qa3 21.
Rc2 Ne4 22. Qc1 Qa6 23. Ne5 Rxc2 24. Qxc2 Rc8 25. Nc6 Kf8 26. Rc1 Qb7 27. f3
Nd6 28. a4 a5 29. g4 Rc7 30. Kf2 Qc8 31. Ke2 g6 32. Kd1 fxg4 33. fxg4 Kg7 34.
h3 Ne4 35. Ke1 Qe8 36. Kd1 Qf8 37. Qe2 Qa3 38. Qc2 Qd6 39. Ke1 Qg3+ 40. Ke2
Qf2+ 41. Kd3 Rxc6 0-1

[Event "Sparkassen-Open A"]
[Site "Heusenstamm, Martinsee"]
[Date "2017.11.23"]
[Round "1.111"]
[White "Schweizer, Manfred"]
[Black "Gude, Michael"]
[Result "1-0"]
[WhiteElo "2032"]
[BlackElo "1659"]
[PlyCount "117"]
[EventDate "2017.??.??"]
[WhiteTeam "Post-SV Memmingen"]
[BlackTeam "SF Fürth"]

1. g3 f5 2. Bg2 Nf6 3. d3 e6 4. e4 Be7 5. e5 Ng4 6. d4 Bg5 7. f4 Be7 8. h3 Nh6
9. c4 d6 10. Nf3 Nf7 11. O-O O-O 12. Nc3 c6 13. exd6 Bxd6 14. Be3 b6 15. Qa4
Bb7 16. b4 Bc7 17. Qb3 Re8 18. Rfd1 Qe7 19. a4 Nd7 20. Bf2 Nf6 21. Ne5 Nd8 22.
a5 Rb8 23. a6 Ba8 24. Qa4 b5 25. cxb5 Nd5 26. Bxd5 cxd5 27. Rab1 g5 28. Kh2 Nf7
29. Rg1 Nxe5 30. fxe5 Rec8 31. Rbc1 Bb6 32. Nb1 Rc4 33. Nd2 Rxb4 34. Qa3 Kf7
35. Rb1 Rxb1 36. Qxe7+ Kxe7 37. Rxb1 Rc8 38. Nb3 Rc2 39. Kg1 Rc4 40. Nc5 Rc2
41. Kf1 Rc4 42. Rb2 Ba5 43. Nb3 Bb6 44. Rb1 Rb4 45. Nd2 Rxb1+ 46. Nxb1 Ba5 47.
Be3 h6 48. Bd2 Bb6 49. Bb4+ Kd7 50. Bc3 Bd8 51. Ke2 Be7 52. Nd2 Ba3 53. Nb3 Bc6
54. bxc6+ Kxc6 55. h4 gxh4 56. gxh4 Kb5 57. Kd3 h5 58. Bd2 Kxa6 59. Nc5+ 1-0

[Event "Sparkassen-Open A"]
[Site "Heusenstamm, Martinsee"]
[Date "2017.11.23"]
[Round "1.112"]
[White "Ohler, Julius"]
[Black "Werner, Dimo"]
[Result "1/2-1/2"]
[WhiteElo "1646"]
[BlackElo "2031"]
[PlyCount "46"]
[EventDate "2017.??.??"]
[WhiteTeam "SG Trier"]
[BlackTeam "TSV Schott Mainz"]

1. c4 e5 2. g3 Nf6 3. Bg2 d5 4. cxd5 Nxd5 5. Nc3 Nb6 6. Nf3 Nc6 7. d3 Be7 8.
O-O O-O 9. Bd2 Be6 10. a3 f6 11. b4 a5 12. b5 Nd4 13. Nxd4 exd4 14. Na4 Bd5 15.
Nxb6 cxb6 16. a4 Bxg2 17. Kxg2 Qd5+ 18. Kg1 Rfe8 19. e3 dxe3 20. Bxe3 Bc5 21.
d4 Bd6 22. Rb1 Rac8 23. Rc1 Rcd8 1/2-1/2

[Event "Sparkassen-Open A"]
[Site "Heusenstamm, Martinsee"]
[Date "2017.11.23"]
[Round "1.113"]
[White "Küpper, Martin"]
[Black "Masoudi, Kian"]
[Result "1-0"]
[WhiteElo "2031"]
[BlackElo "1581"]
[PlyCount "47"]
[EventDate "2017.??.??"]
[WhiteTeam "SC Fulda"]
[BlackTeam "SC Bergen-Enkheim"]

1. e4 e5 2. Nf3 Nc6 3. Bc4 Nf6 4. d4 exd4 5. e5 d5 6. Bb5 Ne4 7. Nxd4 Bd7 8.
Bxc6 bxc6 9. O-O Bc5 10. Be3 O-O 11. Nd2 Bxd4 12. Bxd4 Nxd2 13. Qxd2 Qe7 14.
Qe3 a5 15. Bc5 Qh4 16. Bxf8 Rxf8 17. f4 Ra8 18. f5 d4 19. Qf3 d3 20. Qxd3 Rd8
21. Rad1 Qe7 22. Rfe1 Kf8 23. e6 fxe6 24. fxe6 1-0

[Event "Sparkassen-Open A"]
[Site "Heusenstamm, Martinsee"]
[Date "2017.11.23"]
[Round "1.114"]
[White "Poschadel, Andreas Gregor"]
[Black "Krastev, Alexander"]
[Result "1-0"]
[WhiteElo "1477"]
[BlackElo "2027"]
[PlyCount "117"]
[EventDate "2017.??.??"]
[WhiteTeam "Hamelner SV"]
[BlackTeam "Biebertaler SF"]

1. e4 e5 2. Nf3 Nc6 3. Bb5 f5 4. d3 fxe4 5. dxe4 Nf6 6. O-O d6 7. Nc3 Be7 8. h3
Be6 9. Ng5 Bg8 10. f4 a6 11. Bxc6+ bxc6 12. fxe5 dxe5 13. Qe2 Bc5+ 14. Kh1 Qe7
15. Be3 h6 16. Nf3 Nh5 17. Kh2 Bd6 18. Rad1 g5 19. Nd2 Nf4 20. Bxf4 exf4 21. e5
Bb4 22. Qe4 O-O-O 23. Qxc6 Kb8 24. Qxa6 Qxe5 25. Nf3 Rd6 26. Rxd6 Qxd6 27. Qb5+
Qb6 28. Qe8+ Ka7 29. Rd1 g4 30. Rd8 Bd5 31. Qa4+ Qa6 32. Qxa6+ Kxa6 33. Rxh8
gxf3 34. Rxh6+ Kb7 35. gxf3 Bxf3 36. Rf6 Bd6 37. Nb5 Be5 38. Rf5 Bxb2 39. h4
Be2 40. Kg2 f3+ 41. Kf2 Kb6 42. a4 c6 43. Nd6 Bd4+ 44. Kg3 f2 45. Rxf2 Bxf2+
46. Kxf2 Bd1 47. Nc4+ Ka6 48. Ne3 Bh5 49. Kg3 Ka5 50. Kf4 Kxa4 51. Kg5 Bf3 52.
h5 Be4 53. Nf5 Bd5 54. h6 Bg8 55. Ne7 Bh7 56. Nxc6 Kb5 57. Ne7 Kc5 58. Kf6 Kd6
59. Ng6 1-0

[Event "Sparkassen-Open A"]
[Site "Heusenstamm, Martinsee"]
[Date "2017.11.23"]
[Round "1.115"]
[White "Syed, Tareq"]
[Black "Stolle, Hendrik"]
[Result "1-0"]
[WhiteElo "2023"]
[BlackElo "1578"]
[PlyCount "85"]
[EventDate "2017.??.??"]
[WhiteTeam "SC Brett vorm Kopp"]
[BlackTeam "TG Biberach"]

1. d3 g6 2. g3 Bg7 3. Bg2 c6 4. e4 d6 5. c4 Nf6 6. Nc3 O-O 7. Nge2 e5 8. O-O
Bg4 9. h3 Bxe2 10. Qxe2 Nbd7 11. Be3 a5 12. Kh2 Ne8 13. Qd2 f5 14. d4 exd4 15.
Bxd4 Bxd4 16. Qxd4 Qf6 17. Qxf6 Rxf6 18. f4 Nc5 19. b3 Nc7 20. Rad1 Re8 21.
exf5 gxf5 22. Rfe1 Rxe1 23. Rxe1 Re6 24. Re2 Kf7 25. g4 Kf6 26. g5+ Kf7 27. h4
Rxe2 28. Nxe2 N7e6 29. Bh3 Kg6 30. h5+ Kxh5 31. Ng3+ Kg6 32. Bxf5+ Kg7 33. Nh5+
Kh8 34. Bxe6 Nxe6 35. Kg3 d5 36. cxd5 cxd5 37. Kf2 d4 38. Ke2 Kg8 39. Kd3 Kf7
40. Ke4 Kg6 41. f5+ Kxh5 42. fxe6 Kg6 43. Kxd4 1-0

[Event "Sparkassen-Open A"]
[Site "Heusenstamm, Martinsee"]
[Date "2017.11.23"]
[Round "1.116"]
[White "Dolaberidze, Nico"]
[Black "Trumpp, Lothar"]
[Result "0-1"]
[WhiteElo "1454"]
[BlackElo "2021"]
[PlyCount "120"]
[EventDate "2017.??.??"]
[WhiteTeam "SV Neu-Isenburg"]
[BlackTeam "VSG Offenbach"]

1. e4 Nc6 2. Nf3 Nf6 3. Nc3 d6 4. d4 Bg4 5. Be2 e6 6. O-O Be7 7. h3 Bh5 8. Be3
O-O 9. Nh2 Bg6 10. Bd3 e5 11. Nf3 Qd7 12. d5 Nb8 13. Re1 Nh5 14. Ne2 f5 15. Nc3
fxe4 16. Nxe4 Nf4 17. Bxf4 Rxf4 18. Neg5 Bf5 19. Bxf5 Rxf5 20. Ne6 Na6 21. a3
c6 22. Qd3 Rf6 23. Neg5 Rg6 24. dxc6 Qxc6 25. Qb3+ d5 26. Rxe5 Bxg5 27. Nxg5
Nc7 28. Rae1 Rf8 29. Qe3 Qf6 30. Nf3 Qxf3 31. Qxf3 Rxf3 32. Kh2 Rxf2 33. Rg1
Rxc2 34. b4 d4 35. Re7 Kf8 36. Rd7 Ke8 37. Rxd4 Ne6 38. Re4 Kd7 39. Rd1+ Kc6
40. Kh1 Nc7 41. Red4 Nb5 42. Rd5 Nxa3 43. R1d4 Rcxg2 44. Rc5+ Kb6 45. h4 Nb5
46. Rdd5 Nc7 47. Rd4 R2g4 48. Rxg4 Rxg4 49. h5 Rxb4 50. Rg5 Ne6 51. Rd5 Kc6 52.
Rd1 Rh4+ 53. Kg1 Rxh5 54. Ra1 a6 55. Rc1+ Kd5 56. Rb1 b5 57. Rd1+ Nd4 58. Ra1
Rh6 59. Rd1 Ke4 60. Re1+ Kf3 0-1

[Event "Heusenstamm Sparkassen Open"]
[Site "Heusenstamm"]
[Date "2017.11.24"]
[Round "2.1"]
[White "Klings, Peter"]
[Black "Bortnyk, Oleksandr"]
[Result "1/2-1/2"]
[WhiteElo "2145"]
[BlackElo "2600"]
[PlyCount "123"]
[EventDate "2017.??.??"]

1. Nf3 e6 2. g3 g5 3. e4 g4 4. Ne5 h5 5. d4 d6 6. Nd3 Bg7 7. c3 Nc6 8. Be3 e5
9. dxe5 dxe5 10. Nd2 Qf6 11. Nc5 a6 12. Bd3 b6 13. Ncb3 h4 14. Rf1 Bh6 15. Qe2
Bxe3 16. Qxe3 Qh6 17. Qe2 a5 18. Nc4 a4 19. Nbd2 Nge7 20. Ne3 Qd6 21. Ndc4 Qc5
22. Na3 Be6 23. Bc4 Bxc4 24. Qxc4 Qxc4 25. Naxc4 b5 26. Na3 b4 27. Nb5 O-O-O
28. Rd1 Kb7 29. cxb4 Rxd1+ 30. Kxd1 Rd8+ 31. Kc1 Nxb4 32. Nc3 Nd3+ 33. Kb1 h3
34. Nxg4 f5 35. exf5 Nxf5 36. f3 Nd4 37. Nxa4 Rf8 38. f4 exf4 39. gxf4 Rg8 40.
Ne3 Rg2 41. Nc5+ Nxc5 42. Nxg2 hxg2 43. Rg1 Nd3 44. Rxg2 Nxf4 45. Rg4 Nde6 46.
Kc1 Kc6 47. Kd2 Kd5 48. Rg8 Ke5 49. h4 Nd4 50. Rg5+ Ke4 51. Rg7 Nf3+ 52. Kc2
Nxh4 53. Rxc7 Nf5 54. a4 Nd4+ 55. Kd2 Nb3+ 56. Kc2 Nd4+ 57. Kb1 Nd5 58. Rh7 Nb4
59. Rh5 Ndc6 60. a5 Kd4 61. Kc1 Kc4 62. Rh4+ 1/2-1/2

[Event "Heusenstamm Sparkassen Open"]
[Site "Heusenstamm"]
[Date "2017.11.24"]
[Round "2.2"]
[White "Sumets, Andrey"]
[Black "Hoppe, Thilo"]
[Result "1-0"]
[WhiteElo "2588"]
[BlackElo "2128"]
[PlyCount "73"]
[EventDate "2017.??.??"]

1. d4 Nf6 2. c4 g6 3. Nc3 Bg7 4. e4 d6 5. Nf3 O-O 6. Be2 e5 7. O-O exd4 8. Nxd4
Re8 9. f3 Nc6 10. Be3 Nh5 11. Nc2 f5 12. Qd2 Qe7 13. Bg5 Qf7 14. exf5 Bxf5 15.
Ne3 Be6 16. f4 h6 17. Bxh5 gxh5 18. f5 Bxc4 19. Nxc4 hxg5 20. Qxg5 Qxc4 21. f6
Qc5+ 22. Qxc5 dxc5 23. f7+ Kh7 24. fxe8=Q Rxe8 25. Rf7 Re7 26. Rxe7 Nxe7 27.
Rd1 Bd4+ 28. Kf1 Nf5 29. Rd2 c6 30. Ke2 Ne3 31. Kd3 Ng4 32. Re2 Ne5+ 33. Kc2
Kg6 34. Ne4 Nc4 35. Nd6 Ne3+ 36. Kb1 b6 37. Nc8 1-0

[Event "Heusenstamm Sparkassen Open"]
[Site "Heusenstamm"]
[Date "2017.11.24"]
[Round "2.3"]
[White "Dietze, Frank"]
[Black "Stocek, Jiri"]
[Result "0-1"]
[WhiteElo "2154"]
[BlackElo "2567"]
[PlyCount "68"]
[EventDate "2017.??.??"]

1. d4 Nf6 2. c4 e6 3. Nf3 b6 4. a3 Bb7 5. Nc3 g6 6. Bg5 Bg7 7. Qd2 h6 8. Bf4 d6
9. h3 Nbd7 10. e3 O-O 11. Be2 Qe7 12. O-O Rfd8 13. Rfe1 Rac8 14. Qc2 c5 15.
Rad1 cxd4 16. exd4 a6 17. Bd3 Bxf3 18. gxf3 Nh5 19. Be3 Qh4 20. Bf1 Nf4 21. Kh2
e5 22. Qd2 exd4 23. Bxf4 dxc3 24. bxc3 Bxc3 25. Bg3 Qf6 26. Qxh6 Bxe1 27. Rxe1
Ne5 28. Re4 Qg5 29. Qxg5 Nxf3+ 30. Kg2 Nxg5 31. Rd4 Ne6 32. Rxd6 Rxd6 33. Bxd6
Rd8 34. Be5 Rd2 0-1

[Event "Heusenstamm Sparkassen Open"]
[Site "Heusenstamm"]
[Date "2017.11.24"]
[Round "2.4"]
[White "Nikolov, Momchil"]
[Black "Hahn, Florian"]
[Result "1-0"]
[WhiteElo "2561"]
[BlackElo "2141"]
[PlyCount "43"]
[EventDate "2017.??.??"]

1. d4 Nf6 2. c4 g6 3. f3 d5 4. cxd5 Nxd5 5. e4 Nb6 6. Nc3 Bg7 7. Be3 O-O 8. Qd2
e5 9. d5 c6 10. h4 cxd5 11. exd5 N8d7 12. h5 Nf6 13. hxg6 fxg6 14. d6 Bd7 15.
Nh3 Rc8 16. Ng5 Rc6 17. Bxb6 axb6 18. Nd5 Rxd6 19. Bc4 Be6 20. Nxe6 Rxe6 21.
Nxf6+ Qxf6 22. Qd7 1-0

[Event "Heusenstamm Sparkassen Open"]
[Site "Heusenstamm"]
[Date "2017.11.24"]
[Round "2.5"]
[White "Olesiak, Marcin"]
[Black "Sivuk, Vitaly"]
[Result "0-1"]
[WhiteElo "2059"]
[BlackElo "2551"]
[PlyCount "80"]
[EventDate "2017.??.??"]

1. d4 g6 2. Nf3 Bg7 3. c4 d6 4. g3 Nf6 5. Bg2 O-O 6. Nc3 Nbd7 7. O-O e5 8. d5
a5 9. b3 Nc5 10. Bb2 Bd7 11. Nd2 Nh5 12. a3 Bh6 13. b4 Na6 14. Na2 Qe8 15. e3
f5 16. f4 Bg7 17. Nf3 exf4 18. Bxg7 Qxe3+ 19. Kh1 Nxg7 20. Re1 Qxa3 21. Re7 Rf7
22. Qe1 Re8 23. Rxe8+ Nxe8 24. bxa5 Qe3 25. Qxe3 fxe3 26. Re1 Re7 27. Nc3 Nc5
28. Nd4 Nd3 29. Re2 f4 30. Ne6 Ne5 31. gxf4 Nxc4 32. Nd1 Bxe6 33. dxe6 c6 34.
a6 bxa6 35. Bxc6 Nc7 36. Rc2 Rxe6 37. Bf3 d5 38. Nc3 Kg7 39. Kg2 Na3 40. Ra2
Nab5 0-1

[Event "Heusenstamm Sparkassen Open"]
[Site "Heusenstamm"]
[Date "2017.11.24"]
[Round "2.6"]
[White "Kantans, Toms"]
[Black "Neukirchner, Pascal"]
[Result "1/2-1/2"]
[WhiteElo "2509"]
[BlackElo "2139"]
[PlyCount "100"]
[EventDate "2017.??.??"]

1. e4 c5 2. Nf3 g6 3. d4 cxd4 4. Qxd4 Nf6 5. Nc3 Nc6 6. Qa4 d6 7. e5 dxe5 8.
Nxe5 Bg7 9. Bb5 O-O 10. Nxc6 bxc6 11. Bxc6 Bd7 12. O-O Bxc6 13. Qxc6 Rc8 14.
Qb7 Qd7 15. Qf3 Qg4 16. Qxg4 Nxg4 17. Bd2 Ne5 18. Rad1 e6 19. Bc1 Rc5 20. Rd2
Nc4 21. Rd7 Bxc3 22. bxc3 Nb6 23. Rxa7 Rxc3 24. Bh6 Rfc8 25. Rb1 Rxc2 26. h4
Nc4 27. Rc7 Na3 28. Rxc2 Nxc2 29. a4 Ra8 30. a5 f5 31. Rb7 Nd4 32. a6 Rxa6 33.
Rg7+ Kh8 34. Rd7 Nc6 35. Rc7 Kg8 36. f4 e5 37. Rg7+ Kh8 38. Rf7 Ra8 39. Rc7 Nd4
40. fxe5 Re8 41. Kf2 Ne6 42. Ra7 Kg8 43. Ke3 Nd8 44. Rg7+ Kh8 45. Rc7 Kg8 46.
Rg7+ Kh8 47. h5 Rxe5+ 48. Kf3 Re8 49. hxg6 hxg6 50. Rxg6 Re6 1/2-1/2

[Event "Heusenstamm Sparkassen Open"]
[Site "Heusenstamm"]
[Date "2017.11.24"]
[Round "2.7"]
[White "Rosenberger, Frank"]
[Black "Kollars, Dmitrij"]
[Result "1/2-1/2"]
[WhiteElo "2141"]
[BlackElo "2500"]
[PlyCount "49"]
[EventDate "2017.??.??"]

1. e4 e5 2. Nf3 Nc6 3. d4 exd4 4. Nxd4 Nf6 5. Nxc6 bxc6 6. e5 Qe7 7. Qe2 Nd5 8.
c4 Nb6 9. b3 a5 10. Bb2 a4 11. Nd2 axb3 12. axb3 Rxa1+ 13. Bxa1 Qa3 14. Qd1 Bb4
15. Bd3 Qa5 16. Bd4 d6 17. exd6 O-O 18. Qc2 cxd6 19. Bxh7+ Kh8 20. Bd3 Re8+ 21.
Kd1 Nd7 22. Nf3 Nc5 23. Qc1 Kg8 24. Qg5 Ne6 25. Qxa5 1/2-1/2

[Event "Heusenstamm Sparkassen Open"]
[Site "Heusenstamm"]
[Date "2017.11.24"]
[Round "2.8"]
[White "Pap, Misa"]
[Black "Koellner, Ruben Gideon"]
[Result "1-0"]
[WhiteElo "2494"]
[BlackElo "2133"]
[PlyCount "73"]
[EventDate "2017.??.??"]

1. e4 d6 2. d4 Nf6 3. Nc3 Nbd7 4. Nf3 e5 5. Bc4 Be7 6. a4 c6 7. O-O Qc7 8. Re1
h6 9. Nh4 g6 10. Ba2 Nf8 11. Nf3 g5 12. a5 Ng6 13. a6 b5 14. d5 b4 15. Ne2 c5
16. Ng3 Bxa6 17. c3 Bb5 18. cxb4 cxb4 19. Bb3 a5 20. Nf5 Qd7 21. Ba4 Bxa4 22.
Rxa4 Bd8 23. Nd2 Rc8 24. b3 Ne7 25. Ng3 Rc5 26. Nc4 Bc7 27. Be3 Rb5 28. Qf3
Neg8 29. Rea1 g4 30. Qe2 Ne7 31. Nxa5 Nexd5 32. exd5 Nxd5 33. Nc4 f5 34. Nxf5
Nc3 35. Ra8+ Kf7 36. Qxg4 Rxa8 37. Rxa8 1-0

[Event "Heusenstamm Sparkassen Open"]
[Site "Heusenstamm"]
[Date "2017.11.24"]
[Round "2.9"]
[White "Bethke, Richard"]
[Black "Enchev, Ivajlo"]
[Result "1/2-1/2"]
[WhiteElo "2134"]
[BlackElo "2490"]
[PlyCount "95"]
[EventDate "2017.??.??"]

1. e4 g6 2. d4 Bg7 3. Nc3 d6 4. f4 a6 5. Nf3 b5 6. Bd3 Bb7 7. O-O b4 8. Ne2 Nf6
9. Ng3 O-O 10. a3 a5 11. Qe1 c5 12. axb4 cxd4 13. bxa5 Ng4 14. b4 Qc7 15. h3
Ne3 16. Bxe3 dxe3 17. Rb1 Nc6 18. a6 Bxa6 19. b5 Bxb5 20. Bxb5 Nd4 21. Nxd4
Bxd4 22. Qe2 Ra2 23. Bd3 Ra5 24. Rf3 Rfa8 25. Nf1 Ra1 26. Rxa1 Rxa1 27. Kh2 Qc3
28. g4 Re1 29. Qg2 e2 30. Bxe2 Qxc2 31. Bd3 Qa4 32. h4 Ra1 33. Bc2 Qa6 34. Bd3
Qa5 35. Kh3 Ra2 36. Qg3 Qc5 37. Ne3 Qc1 38. Nf1 Ra3 39. Be2 Ra2 40. Bd3 Qd1 41.
h5 Ra3 42. Be2 Qxe2 43. Rxa3 Qxf1+ 44. Kh2 Kg7 45. h6+ Kxh6 46. Qh3+ Qxh3+ 47.
Kxh3 g5 48. f5 1/2-1/2

[Event "Heusenstamm Sparkassen Open"]
[Site "Heusenstamm"]
[Date "2017.11.24"]
[Round "2.10"]
[White "Noe, Christopher"]
[Black "Engel, Berthold"]
[Result "1-0"]
[WhiteElo "2463"]
[BlackElo "2125"]
[PlyCount "93"]
[EventDate "2017.??.??"]

1. d4 e6 2. c4 Bb4+ 3. Nc3 Bxc3+ 4. bxc3 Ne7 5. e4 O-O 6. Bd3 d6 7. f4 e5 8. f5
f6 9. Ne2 Nd7 10. O-O Kh8 11. Rf3 c6 12. Rh3 Ng8 13. Ba3 c5 14. d5 Rf7 15. Bc1
Nf8 16. g4 g5 17. fxg6 Nxg6 18. Rg3 Bd7 19. h3 Qe7 20. Rb1 b6 21. Rg2 Nh4 22.
Rf2 h5 23. Ng3 hxg4 24. hxg4 Rh7 25. Rh2 Qg7 26. Be2 Ne7 27. Kf2 Rg8 28. Qh1
Nhg6 29. Nh5 Qf7 30. Be3 Nf8 31. Rg1 Rg6 32. Ke1 Ng8 33. Rg3 Qe7 34. Rh4 Nh6
35. Rg2 Nf7 36. Rgh2 Kg8 37. Ng3 Ng5 38. Nf5 Bxf5 39. gxf5 Rgg7 40. Bh5 Qd7 41.
Bg6 Rxh4 42. Rxh4 Nfh7 43. Bxg5 fxg5 44. Rh6 Qe7 45. f6 Qxf6 46. Bxh7+ Rxh7 47.
Rxh7 1-0

[Event "Heusenstamm Sparkassen Open"]
[Site "Heusenstamm"]
[Date "2017.11.24"]
[Round "2.11"]
[White "Adocchio, Giampiero"]
[Black "Karthik, Venkataraman"]
[Result "1/2-1/2"]
[WhiteElo "2133"]
[BlackElo "2466"]
[PlyCount "71"]
[EventDate "2017.??.??"]

1. d4 Nf6 2. Bf4 d5 3. e3 c5 4. c3 Nc6 5. Nd2 e6 6. Ngf3 Bd6 7. Bg3 O-O 8. Bd3
b6 9. e4 Be7 10. e5 Nh5 11. Ng5 Bxg5 12. Qxh5 g6 13. Qe2 f5 14. f4 Be7 15. Nf3
c4 16. Bc2 b5 17. a3 a5 18. Qf2 Bd7 19. Bh4 Bxh4 20. Qxh4 Qxh4+ 21. Nxh4 b4 22.
Kd2 Rfb8 23. Rhg1 bxa3 24. bxa3 Rb2 25. Rgb1 Rab8 26. Rxb2 Rxb2 27. Kc1 Rb8 28.
Nf3 Nd8 29. Kd2 Rb2 30. Kc1 Rb8 31. Kd2 Kg7 32. h3 Rb2 33. Kc1 Rb7 34. Kd2 Rb2
35. Kc1 Rb7 36. Kd2 1/2-1/2

[Event "Heusenstamm Sparkassen Open"]
[Site "Heusenstamm"]
[Date "2017.11.24"]
[Round "2.12"]
[White "Milov, Leonid"]
[Black "Meiser, Markus"]
[Result "1-0"]
[WhiteElo "2453"]
[BlackElo "2117"]
[PlyCount "85"]
[EventDate "2017.??.??"]

1. e4 c5 2. Nf3 e6 3. Nc3 Nc6 4. d4 cxd4 5. Nxd4 d6 6. Be3 Nf6 7. Qd2 Be7 8.
Be2 a6 9. f4 O-O 10. O-O-O Nxd4 11. Bxd4 b5 12. Bf3 b4 13. Na4 Bd7 14. Nb6 Rb8
15. e5 dxe5 16. Nxd7 Qxd7 17. Bxe5 Qxd2+ 18. Rxd2 Rbd8 19. Rhd1 Rxd2 20. Rxd2
Rd8 21. Rxd8+ Bxd8 22. Kd2 Nd7 23. Bd6 a5 24. Kd3 Nb6 25. b3 Nc8 26. Bc5 Bc7
27. g3 Nd6 28. a3 bxa3 29. Bxa3 f6 30. c4 Kf7 31. Bc6 e5 32. fxe5 fxe5 33. c5
Nf5 34. Be4 Kf6 35. Kc4 Nd4 36. Bxh7 g6 37. Bg8 Nf3 38. Kd5 Nd4 39. Ke4 Nf5 40.
Bc4 Ne7 41. Bc1 g5 42. Kf3 Nf5 43. Kg4 1-0

[Event "Heusenstamm Sparkassen Open"]
[Site "Heusenstamm"]
[Date "2017.11.24"]
[Round "2.13"]
[White "Rendboe, John Filip"]
[Black "Colpe, Malte"]
[Result "0-1"]
[WhiteElo "2127"]
[BlackElo "2404"]
[PlyCount "62"]
[EventDate "2017.??.??"]

1. c4 Nf6 2. Nc3 g6 3. g3 Bg7 4. Bg2 O-O 5. Nf3 d6 6. O-O Nc6 7. d4 Bf5 8. d5
Na5 9. Nd2 c5 10. e4 Bd7 11. Qc2 a6 12. a4 Rb8 13. b3 b5 14. axb5 axb5 15. Qa2
b4 16. Nd1 Ra8 17. Qb1 Nxe4 18. Bxe4 Bxa1 19. Qxa1 Nxb3 20. Qb1 Nxc1 21. Qxc1
Qa5 22. Ne3 Qa3 23. Qd1 Qc3 24. Bc2 Rfb8 25. h4 Ra2 26. Ne4 Qd4 27. Qf3 b3 28.
Bb1 Ra1 29. Ng5 Rf8 30. h5 h6 31. Ne4 f5 0-1

[Event "Heusenstamm Sparkassen Open"]
[Site "Heusenstamm"]
[Date "2017.11.24"]
[Round "2.14"]
[White "Gutman, Lev"]
[Black "Flach, Erich"]
[Result "0-1"]
[WhiteElo "2410"]
[BlackElo "2107"]
[PlyCount "68"]
[EventDate "2017.??.??"]

1. Nf3 c5 2. g3 g6 3. Bg2 Bg7 4. O-O Nc6 5. c3 e5 6. d4 cxd4 7. cxd4 exd4 8.
Na3 Nge7 9. Nb5 Nf5 10. g4 a6 11. Qa4 Qb6 12. Na3 Nfe7 13. e3 O-O 14. Nc4 Qc7
15. Nxd4 b5 16. Nxb5 axb5 17. Qxa8 bxc4 18. Qa3 d5 19. h3 Bb7 20. Qc5 Ra8 21.
a4 Ra5 22. Qa3 Be5 23. Bd2 Ra8 24. Bc3 d4 25. exd4 Nxd4 26. Rae1 Bh2+ 27. Kh1
Bd6 28. Qa2 Bxg2+ 29. Kxg2 Qc6+ 30. f3 Ne6 31. a5 Nd5 32. Re4 Ng5 33. Bd2 Nxe4
34. fxe4 Nb4 0-1

[Event "Heusenstamm Sparkassen Open"]
[Site "Heusenstamm"]
[Date "2017.11.24"]
[Round "2.15"]
[White "Edel, Thomas"]
[Black "Carlstedt, Jonathan"]
[Result "0-1"]
[WhiteElo "2104"]
[BlackElo "2403"]
[PlyCount "76"]
[EventDate "2017.??.??"]

1. d4 Nf6 2. Nf3 g6 3. c4 Bg7 4. Nc3 O-O 5. e4 c6 6. Be2 d5 7. cxd5 cxd5 8. e5
Ne4 9. Qb3 Nxc3 10. Qxc3 Nc6 11. Be3 Bf5 12. O-O Rc8 13. Qd2 Qa5 14. Rfc1 Qxd2
15. Bxd2 f6 16. exf6 Bxf6 17. Bc3 a6 18. a4 Rfd8 19. b4 Be4 20. b5 Bxf3 21.
Bxf3 axb5 22. axb5 Nxd4 23. Bxd4 Rxc1+ 24. Rxc1 Bxd4 25. Rc7 e5 26. Bg4 Rd6 27.
Kf1 Rf6 28. f3 Rb6 29. Bd7 Kf8 30. Ke2 Bg1 31. h4 h5 32. Bc8 Rxb5 33. Rxb7 Rc5
34. Bh3 d4 35. Rd7 Rc3 36. Kd2 Bf2 37. Be6 Bxh4 38. Bd5 Bg5+ 0-1